Ranking equipos chilenos - Estadísticas

Estadísticas generales
  • Esta prueba ha sido intentada 346 veces
  • La puntuación promedio es 11 de 15
Estadísticas de respuestas
Puesto Equipo % Correcto
1 Colo Colo
100%
3 Universidad de Chile
98%
2 Universidad Católica
97%
11 Cobreloa
88%
6 Palestino
86%
4 Unión Española
86%
15 Cobresal
84%
5 Audax Italiano
81%
7 Everton
80%
10 Huachipato
76%
9 Santiago Wanderers
75%
14 Magallanes
65%
8 O'Higgins
65%
13 Rangers
40%
12 Deportes La Serena
22%
No se encontraron pruebas coincidentes
Distribución de puntuación
Porcentaje de gente con cada puntuación
Porcentaje por número respondido
Historial de tus puntuaciones
No has intentado esta prueba.